UK Residential Market Survey (Record no. 121926)

MARC details
000 -LEADER
fixed length control field 01775nam a22002057a 4500
008 - FIXED-LENGTH DATA ELEMENTS--GENERAL INFORMATION
fixed length control field 240509e20240509xxk|||||o|||| 00| 0 eng d
041 ## - LANGUAGE CODE
Language code of text/sound track or separate title eng
110 ## - MAIN ENTRY--CORPORATE NAME
Corporate author Royal Institution of Chartered Surveyors
245 ## - TITLE STATEMENT
Title UK Residential Market Survey
Subtitle April 2024
Medium [Electronic resource]
260 ## - PUBLICATION INFORMATION
Place of publication London,
Publisher Royal Institution of Chartered Surveyors,
Date May 2024
300 ## - PHYSICAL DESCRIPTION
Physical description 17p
490 ## - SERIES TITLE
Series statement RICS UK Residential Market Survey
520 ## - ABSTRACT
Abstract The April 2024 RICS UK Residential Survey results show the recent recovery in buyer demand stuttering slightly, with the market seemingly impacted by the slight upward move in mortgage rates over the past few weeks. Nevertheless, forward-looking sentiment continues to point to a stronger picture for sales market activity coming through over the next twelve months.<br/>With respect to new buyer enquiries, the headline <br/>net balance for this indicator softened to -1% in <br/>April, down from a reading of +6% previously. <br/>As such, this brings to an end a run of three <br/>consecutive positive monthly results beforehand, <br/>with the latest return indicative of a broadly fl at <br/>trend. That said, the feedback around buyer <br/>demand is mixed at the regional level, with any loss <br/>of impetus mainly concentrated in London and <br/>Southern parts of England. <br/>Meanwhile, the agreed sales metric did improve <br/>slightly in April, posting a net balance reading of <br/>+5% compared to -5% last month
650 ## - KEYWORDS
Keywords HOUSING MARKET
650 ## - KEYWORDS
Keywords RESIDENTIAL PROPERTY
651 ## - SUBJECT ADDED ENTRY--GEOGRAPHIC NAME
Geographic name United Kingdom
710 ## - ADDED CORPORATE NAME
Added corporate author Royal Institution of Chartered Surveyors
856 ## - ONLINE RESOURCE
Uniform Resource Identifier <a href="https://www.rics.org/content/dam/ricsglobal/documents/market-surveys/uk-residential-market-survey/UK-Residential-Market-Survey_April-2024.pdf">https://www.rics.org/content/dam/ricsglobal/documents/market-surveys/uk-residential-market-survey/UK-Residential-Market-Survey_April-2024.pdf</a>
Public note Available free on RICS.org
942 ## - ADDED ENTRY ELEMENTS (KOHA)
Suppress in OPAC Do not suppress in OPAC
Holdings
Lost status Damaged status Not for loan Current library Shelving location Date acquired Total Checkouts Full call number Date last seen Price effective from Koha item type
      Virtual Online 09/05/2024   PROPERTY MARKET DATA 09/05/2024 09/05/2024 Online material